000 00793nam a2200193Ia 4500
008 190511s9999 xx 000 0 und d
100 _aMiller, Adam Bryant
245 _aDimensions of deprivation and threat, psychopathology, and potential mediators: A milti-year longitudinal analysis /
245 _cAdam Bryant Miller, Margaret A. Sheridan, Jamie L. Hanson, Katie A. McLaughlin, John E. Bates, Jennifer E. Lansford, Gregory S. Pettit, and Kenneth A. Dodge.--
260 _bAmerican Psychological Association
260 _c2018
300 _aPages 160-170, February 2018
440 _aJournal of Abnormal Psychology
_v127(2)
650 _aChildhood adversity
650 _aDeprivation
650 _aThreat
650 _aVerbal abilities
856 _uwww.apa.org/pubs/journals/abn
999 _c361851
_d361851